000 01039nam a2200301 i 4500
001 000011489
003 DO-SdBNP
005 20260305073958.0
007 ta
008 091019s1986 dr 000 j spa d
040 _aDO-SdBNP
_bspa
_cBNPHU
_erda
041 _hspa
082 4 _aRD863.44
_bC965s
_222
245 0 3 _aEl cuento en Santo Domingo :
_bselección antológica /
_cSócrates Nolasco ; edición, Cándido Gerón.
264 4 _aSanto Domingo :
_bBiblioteca Nacional Pedro Henríquez Ureña (BNPHU),
_c©1986.
300 _a209 páginas ;
_c23 cm.
336 _atexto
_btxt
_2rdacontent
337 _asin mediación
_bn
_2rdamedia
338 _avolumen
_bnc
_2rdacarrier
490 0 _aColección Orfeo
590 _aInventariado, 2019/VM
650 7 _aCuentos dominicanos
_9176
_2LEMB
650 7 _aLiteratura dominicana.
_967
_2LEMB
700 1 _aGerón, Candido,
_d1948-
_eeditor
_4ed.
_93577
710 2 _aBiblioteca Nacional Pedro Henríquez Ureña
_981292
910 _aValidado. Controld e calidad MFF
942 _2ddc
_cLBS1
999 _c11190
_d11190